| 000 | 00531nam a2200121Ia 4500 | ||
|---|---|---|---|
| 008 | 171212s9999 xx 000 0 und d | ||
| 020 | _a9780833050632 | ||
| 100 | _aMeredith, Lisa S.;Sherbourne, Cathy D.;Gaillot, Sarah J.;Hansell, Lydia;Ritschard, Hans V. | ||
| 245 |
_cMeredith, Lisa S.;Sherbourne, Cathy D.;Gaillot, Sarah J.;Hansell, Lydia;Ritschard, Hans V. _aPromoting Psychological Resilience in the U.S. Military |
||
| 260 |
_bRAND Corporation _c2011 |
||
| 650 | _aPsychology | ||
| 856 | _uwww.jstor.org/stable/10.7249/mg996osd | ||
| 999 |
_c352443 _d352443 |
||